000
00315nam a2200121 a 4500
008
000113s1998||||xx 0 und c
020
_a
8085866307
_c
Dar
040
_a
SNK
_b
slo
_c
SNK
_e
AACR2
100
1
_a
Dvořáček, Jan
245
1
0
_a
Urologie I. díl
260
_a
Praha
_b
ISV nakladatelství
_c
1998
300
_a
515 s.
999
_c
19944
_d
19944